|
|
|
|
| LEADER |
00000ny a22000003n 4500 |
| 005 |
20110607104346.0 |
| 008 |
970410s1993 sp s 000 0 spa c |
| 017 |
|
|
|a D.L. M15557-1993
|
| 020 |
|
|
|a 8471307758
|
| 035 |
|
|
|a 761
|
| 040 |
|
|
|a UMA.CEE
|d vLex
|
| 040 |
|
|
|a UMA.RE
|d vLex
|
| 080 |
|
|
|a 347(460)
|
| 090 |
|
|
|c 514
|d 514
|
| 245 |
0 |
0 |
|a Comentarios al Cd̤igo Civil y compilaciones forales
|h [Recurso electrn̤ico]
|c dirigidos por Manuel Albaladejo
|
| 256 |
|
|
|a Servicio en ln̕ea.
|
| 260 |
|
|
|a Madrid :
|b Revista de Derecho Privado :
|b Editoriales de Derecho Reunidas,
|c D.L. 1993
|
| 300 |
|
|
|a XIII, 209 p. ;
|c 21 cm
|
| 505 |
0 |
|
|t Tomo XXXV, Vol.2, Leyes 11 a 41 de la Compilacin̤ o Fuero Nuevo de Navarra /
|r comentados por Jos ̌Arregi Gil, aÌ‚Alvaro D'Ors, Ramn̤ Durǹ Rivacoba
|
| 506 |
1 |
|
|a Contenido solo disponible en los productos indicados
|d vLex Global
|d vLex Global (Academic Edition, excluding Law Schools)
|d vLex Global (U.S. Academic Edition, Law Schools)
|d vLex Global (U.S. Academic Edition, excluding Law Schools)
|d vLex Global (Academic Edition, Law Schools)
|
| 650 |
0 |
7 |
|a Civil
|2 Tesauro vLex
|
| 650 |
0 |
7 |
|a Cd̤igo civil
|2 Tesauro vLex
|
| 650 |
0 |
7 |
|a Derecho foral de Navarra
|2 Tesauro vLex
|
| 650 |
0 |
7 |
|a Leyes de la compilacin̤
|2 Tesauro vLex
|
| 700 |
1 |
|
|a Albaladejo Garca̕, Manuel,
|e dir
|
| 700 |
1 |
|
|a Arregi Gil, Još
|
| 700 |
1 |
|
|a Durǹ Rivacoba, Ramn̤
|
| 700 |
1 |
|
|a Ors, Alvaro d'
|
| 740 |
0 |
|
|a vLex Libros (Servicios en ln̕ea)
|
| 856 |
4 |
0 |
|u http://vlex.com/source/761
|z Acceso restringido
|
| 942 |
|
|
|c BOOK
|
| 999 |
0 |
|
|a Civil Law
|b Madrid
|